000 00526nam a2200169Ia 4500
008 230718s9999 xx 000 0 und d
020 _a9780852261507
041 _aeng
082 _a621.38
_bDAS
100 _aDas J.
_9158443
245 _aPrinciples Of Digital Communication
_bSignal Representation, Detection Estimation And Inforamation Coding
260 _c1992
_bWiley And Sons
300 _a638
365 _cRs.
_b110.00
700 _aDas J., Mullick S.K. & Chatterjee P.K.
906 _dB:61719-Oct-1993
_cETC
_b16.5
999 _c291420
_d291420